000 00297nam a2200121Ia 4500
008 191201s2010 xx 000 0 und d
100 _aGUPTA,CP
245 0 _aElement of Thermal Science for Engineering
250 _aRep
260 _c2010
_bNem Chand
_aNew Delhi
300 _a452
942 _2ddc
_cBK
999 _c8143
_d8143